Health and Social Care (Record no. 4612)

MARC details
000 -LEADER
fixed length control field 00551nam a22002057a 4500
003 - CONTROL NUMBER IDENTIFIER
control field OSt
005 - DATE AND TIME OF LATEST TRANSACTION
control field 20160701182032.0
008 - FIXED-LENGTH DATA ELEMENTS--GENERAL INFORMATION
fixed length control field 160701b xxu||||| |||| 00| 0 eng d
020 ## - INTERNATIONAL STANDARD BOOK NUMBER
International Standard Book Number 9780435463328
040 ## - CATALOGING SOURCE
Transcribing agency DNLM
082 ## - DEWEY DECIMAL CLASSIFICATION NUMBER
Classification number W84.5 H347c 2006
100 ## - MAIN ENTRY--PERSONAL NAME
Personal name Asbridge, Laura [et....al]
9 (RLIN) 9919
245 ## - TITLE STATEMENT
Title Health and Social Care
260 ## - PUBLICATION, DISTRIBUTION, ETC. (IMPRINT)
Place of publication, distribution, etc. Oxford; Heinemann Educational, c2006
300 ## - PHYSICAL DESCRIPTION
Extent vi,378p; col.ill: 26.5cm
504 ## - BIBLIOGRAPHY, ETC. NOTE
Bibliography, etc Glossary, & index included
650 ## - SUBJECT ADDED ENTRY--TOPICAL TERM
Topical term or geographic name as entry element Health care
9 (RLIN) 12
650 ## - SUBJECT ADDED ENTRY--TOPICAL TERM
Topical term or geographic name as entry element Social care
9 (RLIN) 13
942 ## - ADDED ENTRY ELEMENTS (KOHA)
Source of classification or shelving scheme Other/Generic Classification Scheme
Koha item type Open Shelf
Holdings
Withdrawn status Lost status Source of classification or shelving scheme Damaged status Not for loan Home library Current library Date acquired Source of acquisition Inventory number Total Checkouts Full call number Barcode Date last seen Koha item type Price effective from
    Other/Generic Classification Scheme     MUST Main Library MUST Main Library 01/07/2016   10/32222   W84.5 H347c 2006 2016-2965 01/07/2016 Open Shelf  
    Other/Generic Classification Scheme     MUST Main Library MUST Main Library 19/07/2016   2009/31700   W84.5 H347c 2006 2016-3283 19/07/2016 Open Shelf 19/07/2016